Política y poder en Córdoba borbónica: instituciones, espacios y prácticas, 1783-1797
Na minha lista:
| Autor principal: | |
|---|---|
| Formato: | Livro |
| Idioma: | espanhol |
| Publicado em: |
Córdoba
Ferreyra Editor
2012
|
| Edição: | 1a. ed |
| Colecção: | Programa de Historia Regional Andina
|
| Assuntos: | |
| Tags: |
Adicionar Tag
Sem tags, seja o primeiro a adicionar uma tag!
|
MARC
| LEADER | 00000cam a2200000 a 4500 | ||
|---|---|---|---|
| 001 | UCC5681 | ||
| 003 | CL-VaPUC | ||
| 008 | 181021e20120000ag |||||||||||||||||spa|d | ||
| 020 | |a 9789871742257 | ||
| 082 | 0 | 4 | |a 982.54 |b DAI |2 21 |
| 100 | 0 | |a Dainotto, Edgardo |e author |9 600024 | |
| 245 | 1 | 0 | |a Política y poder en Córdoba borbónica: instituciones, espacios y prácticas, 1783-1797 |
| 250 | |a 1a. ed | ||
| 300 | |a 221 p | ||
| 942 | |c BK | ||
| 945 | |d 20181021 19:29:00 |a dcastane | ||
| 260 | |a Córdoba |b Ferreyra Editor |c 2012 | ||
| 650 | 7 | |a HISTORIA DE ARGENTINA SIGLO 20 |2 CL-VaPUC |9 332202 | |
| 650 | 7 | |a HISTORIA DE ARGENTINA SIGLO 18 |2 CL-VaPUC |9 373723 | |
| 650 | 7 | |a ENSAYOS HISTORICOS |2 CL-VaPUC |9 315150 | |
| 583 | |a last modification |c 20181021 19:29:00 |k Rodrigo Vera | ||
| 490 | 0 | |a Programa de Historia Regional Andina | |
| 999 | |c 372822 |d 372820 | ||
| 952 | |0 0 |1 0 |3 erb |4 0 |6 982_540000000000000_DAI_2012 |7 0 |8 A |9 490676 |a BIBHIS |b BIBHIS |i 5509661 |o 982.54 DAI 2012 |p 5509661 |r 2025-01-20 |w 2019-11-24 |y BK |z Catalogado en:20181021 |k HIS | ||